000 00412nam a2200181Ia 4500
005 20250423101427.0
008 250422s9999 xx 000 0 und d
020 _a0-273-71019-6
050 _aHB 251 .T46/
100 _aTemplar, Richard
245 4 _aThe rules of wealth
260 _aHarlow
260 _bPearson Education
260 _c2006
300 _a230 p
650 _aLiterature
942 _cBK
999 _c36271
_d36271